| 000 | 00850nam a2200265 a 4500 | ||
|---|---|---|---|
| 001 | 26128 | ||
| 003 | BD-RjUL | ||
| 005 | 20211209050956.0 | ||
| 008 | 140320t1952 enkf 001 0 eng d | ||
| 035 | _a(BD-RjUL)26198 | ||
| 040 |
_aDLC _cEEM _dUKM _dEQO _dBD-RjUL _beng |
||
| 041 | _aeng | ||
| 082 | 0 | 0 |
_a923.254 _bGRH 1952 |
| 100 | 1 |
_aGreenwall, Harry J. _q(Harry James), _d1886- _980300 |
|
| 245 | 1 | 0 |
_aHis Highness the Aga Khan, Imam of the Ismailis / _cby Harry J. Greenwall ; with a foreword on racing by H.H. the Aga Khan. |
| 260 |
_aLondon : _bCresset Press, _c1952. |
||
| 300 |
_a240 p. : _bill. ; _c23 cm. |
||
| 504 | _aincludes index. | ||
| 600 | 0 | 0 |
_aAga Khan _d1877-1957. _980301 |
| 650 | 0 |
_aAga Khans _vBiography. _980302 |
|
| 650 | 0 |
_aIsmailites _vBiography. _980303 |
|
| 942 |
_2ddc _cBK |
||
| 999 |
_c26128 _d26128 |
||